000 002850000a22001090004500
100 1 _aBrown, Steve
245 1 0 _aAn effective, caring family planing programme
300 _aNúm 3 (1990), Páginas 5
700 1 _aBrown, Margaret; Storkey, Miriam
773 0 _tPaso a paso
942 _cANA
999 _c52043
_d52043